Física para estudiantes de ciencias agrarias /
Guardado en:
| Autor Principal: | |
|---|---|
| Formato: | Libro |
| Idioma: | Spanish |
| Publicado: |
Lomas de Zamora :
Universidad de Lomas de Zamora . Facultad de Ciencias Agrarias,
2000.
|
| Etiquetas: |
Agregar Etiqueta
Sin Etiquetas, Sea el primero en etiquetar este registro!
|
| LEADER | 00833nam a22002055a 4500 | ||
|---|---|---|---|
| 001 | EEA.libagro009167 | ||
| 005 | 20181029134123.0 | ||
| 008 | 130809s2000####ag#a##########000#0#spa#d | ||
| 020 | |a 9879455088 | ||
| 041 | 1 | |a spa | |
| 082 | 0 | 4 | |a 530 |
| 100 | 1 | |a Careri, Sergio. | |
| 245 | 1 | 0 | |a Física para estudiantes de ciencias agrarias / |c Sergio Careri, María Laura Vallejo (colab.). |
| 260 | |a Lomas de Zamora : |b Universidad de Lomas de Zamora . Facultad de Ciencias Agrarias, |c 2000. | ||
| 300 | |a 296 p. : |b il. ; |c 26 cm. | ||
| 859 | |a AR-BbBCA |b BIB. AGRONOMIA |h 530 |i C271 |p 2013/6232 | ||
| 859 | |a AR-BbBCA |b BIB. AGRONOMIA |h 530 |i C271 |p 2013/6233 |t Ej.2 | ||
| 859 | |a AR-BbBCA |b BIB. AGRONOMIA |h 530 |i C271 |p 2013/6234 |t Ej.3 | ||
| 859 | |a AR-BbBCA |b BIB. AGRONOMIA |h 530 |i C271 |p 2013/6235 |t Ej.4 | ||
| 859 | |a AR-BbBCA |b BIB. AGRONOMIA |h 530 |i C271 |p 2013/6236 |t Ej.5 | ||
